Statistics for OPM Songs

Click here to take the quiz!

General Stats

  • This quiz has been taken 175 times
  • The average score is 8 of 15

Answer Stats

HintAnswer% Correct
Lift your head, baby don't be scaredWith A Smile
94%
Ilan isaw pa ba ang kakainin? O giliw ko?Ligaya
86%
Iba na ang iyong ngiti, Iba na ang iyong tingin, nagbago na ang lkahat sa'yoMagasin
82%
Sa panaginip nalang pala kita maisasayawAng Huling El Bimbo
73%
Anong sinulat ni Enteng and Joey dyan?Spolarium
66%
Gusto mo bang sumama?Alapaap
64%
Isasama ko ang girlfriend ko, isasama ko kahit sino may gustoOverdrive
60%
Minsan sa may kalaayaan tayo'y nagkatagpuanMinsan
49%
Natulala ako, laglag ang puso ko pati narin ang sukang hawak koTindahan Ni Aling Nena
48%
Take a bite, it's alrightFruitcake
36%
Niyaya nya kami sa kubetaKaliwete
31%
Nakadungaw sa bintana, mga dahon lang ang kumakawayKailan
20%
Badtrip talaga tong meralco, bakit brownout parin dito?Sembreak
17%
She was told that time was goldJulie Tearjerky
13%
I was born, upside downShake Yer Head
12%

Score Distribution

Percentile by Number Answered

Percent of People with Each Score

Your Score History

You have not taken this quiz